000 00487nam a2200157Ia 4500
008 210716s2013 xx 000 0 und d
020 _a9780749467654
041 _aeng
082 _a374.22 BEAC
100 _aBeard, Colin;Wilson, John P.
245 _aExperiential learning: a handbook for education training and coaching.
_bHandbook for education training and coaching.
250 _a3
260 _aNew Delhi
_bKogan Page
_c2013
300 _aix,331
650 _aGeneral Management
999 _c208338
_d208338